000 005000000a22001570004500
090 _aAR
_b00347
245 1 0 _aMicrobial diversity and the 1992 biodiversity convention
650 1 4 _aMicroorganismos
_94169
650 1 4 _aDiversidad microbiana
_993255
650 1 4 _aConvenios internacionales
_93879
650 1 4 _aConvención de biodiversidad 1992
_993256
041 0 _aEspaƱol
100 1 _aSands, Philippe
_993257
942 _cARTICULO
773 1 _tBiodiversity and Conservation
_379
_h5
_q473-491
_d1996
_g5
999 _c9445
_d9445